000 00280nam a22001097a 4500
008 170112b xxu||||| |||| 00| 0 eng d
020 _a9780766815070
041 _aeng
080 _a618.2
245 _aDELMAR'S GUIDE TO LABORATORY AND DIAGNOSTIC TESTS
_cDANIELS, R
942 _2udc
_cBK
999 _c2736
_d2736